[Event "Stare Mesto op"]
[Site "Stare Mesto"]
[Date "2010.08.15"]
[Round "3"]
[White "Plicka, Jiri"]
[Black "Mikulas, Dusan"]
[Result "0-1"]
[WhiteElo "1899"]
[BlackElo "2149"]
[PlyCount "70"]
[EventDate "2010.08.13"]
[EventType "swiss"]
[EventRounds "10"]
[EventCountry "CZE"]
[SourceTitle "CBM 138 Extra"]
[Source "ChessBase"]
[SourceDate "2010.10.29"]
[SourceVersion "1"]
[SourceVersionDate "2010.10.29"]
[SourceQuality "1"]

1. c4 e5 2. Nc3 Nc6 3. g3 g6 4. Bg2 Bg7 5. d3 d6 6. Nf3 Nge7 7. 0-0 0-0 8. Rb1 h6 9. b4 Be6 10. e4 Qd7 11. b5 Nd8 12. Nd5 Kh7 13. a4 f5 14. Qc2 Rf7 15. Nxe7 Rxe7 16. Ba3 Rf7 17. Nd2 f4 18. c5 dxc5 19. Bxc5 Bh3 20. f3 Bxg2 21. Kxg2 Ne6 22. Nb3 h5 23. Kf2 Bf8 24. Ke1 fxg3 25. hxg3 Bh6 26. Rd1 b6 27. Bg1 Raf8 28. d4 Rxf3 29. Rxf3 Rxf3 30. dxe5 Qf7 31. Bf2 Be3 32. Bxe3 Rxe3+ 33. Kd2 Qf3 34. Nd4 Nxd4 35. Qxc7+ Kh6 0-1

[Event "Prague Golden op"]
[Site "Prague"]
[Date "2010.07.??"]
[Round "4"]
[White "Plicka, Jiri"]
[Black "Jaeger, Andre"]
[Result "1/2-1/2"]
[WhiteElo "1895"]
[BlackElo "2050"]
[PlyCount "58"]
[EventDate "2010.07.??"]
[EventType "swiss"]
[EventRounds "9"]
[EventCountry "CZE"]
[SourceTitle "EXT 2012"]
[Source "ChessBase"]
[SourceDate "2011.11.24"]
[SourceVersion "1"]
[SourceVersionDate "2011.11.24"]
[SourceQuality "1"]

1. c4 g6 2. Nc3 Bg7 3. g3 e5 4. Bg2 f5 5. d3 Nf6 6. Nf3 d6 7. 0-0 Nc6 8. Bg5 h6 9. Bxf6 Qxf6 10. Nd5 Qf7 11. Rb1 Nd8 12. Qa4+ Kf8 13. b4 Bd7 14. b5 Ne6 15. Qa3 Kg8 16. b6 Bc6 17. bxc7 Nxc7 18. Qxd6 Nxd5 19. cxd5 Qxd5 20. Qxd5+ Bxd5 21. Nh4 Bxa2 22. Rxb7 Bf7 23. Rc1 Bf6 24. Rcc7 Rf8 25. Rxa7 Bxh4 26. gxh4 Rh7 27. Re7 Re8 28. Rxe8+ Bxe8 29. Rxh7 Kxh7 1/2-1/2

[Event "Berlin Lichtenberger op 7th"]
[Site "Berlin"]
[Date "2008.08.20"]
[Round "5"]
[White "Radjenovic, Branko"]
[Black "Plicka, Jiri"]
[Result "1/2-1/2"]
[WhiteElo "1903"]
[BlackElo "1941"]
[PlyCount "102"]
[EventDate "2008.08.16"]
[EventType "swiss"]
[EventRounds "9"]
[EventCountry "GER"]
[SourceTitle "CBM 126 Extra"]
[Source "ChessBase"]
[SourceDate "2008.11.05"]
[SourceVersion "1"]
[SourceVersionDate "2008.11.05"]
[SourceQuality "1"]

1. d4 d5 2. c4 c6 3. e3 Nf6 4. Nc3 e6 5. Nf3 Nbd7 6. Bd3 Be7 7. Bd2 0-0 8. 0-0 dxc4 9. Bxc4 Nb6 10. Bb3 Nbd5 11. Rc1 Nxc3 12. Bxc3 Ne4 13. Be1 Kh8 14. Qd3 f5 15. Nd2 Nxd2 16. Qxd2 Bd7 17. Rc2 Rc8 18. Qc1 Bd6 19. Bd2 Qh4 20. f4 Rg8 21. Be1 Qe7 22. Re2 c5 23. dxc5 Bxc5 24. Bc3 Bb5 25. Rfe1 Bxe2 26. Rxe2 Bb6 27. Rc2 Rcd8 28. Qe1 Rd3 29. Re2 Rgd8 30. Bc2 R3d7 31. Kf1 Qd6 32. Ba4 Rf7 33. Qh4 Qe7 34. Qg3 Qc5 35. Bb3 Qc6 36. Qh4 Rfd7 37. Kf2 Rd3 38. Qg3 R3d7 39. Rc2 Qe4 40. Re2 a6 41. Qf3 Qxf3+ 42. Kxf3 Rd6 43. g4 fxg4+ 44. Kxg4 Rd3 45. Kf3 Re8 46. Bc2 Rdd8 47. Rg2 Re7 48. Rg5 Bc7 49. Rh5 Kg8 50. Bxh7+ Kf8 51. Bg6 Kg8 1/2-1/2

[Event "Berlin Lichtenberger op 7th"]
[Site "Berlin"]
[Date "2008.08.17"]
[Round "2"]
[White "Plicka, Jiri"]
[Black "Gebigke, Martin"]
[Result "0-1"]
[WhiteElo "1941"]
[BlackElo "2151"]
[PlyCount "78"]
[EventDate "2008.08.16"]
[EventType "swiss"]
[EventRounds "9"]
[EventCountry "GER"]
[SourceTitle "CBM 126 Extra"]
[Source "ChessBase"]
[SourceDate "2008.11.05"]
[SourceVersion "1"]
[SourceVersionDate "2008.11.05"]
[SourceQuality "1"]

1. c4 e5 2. Nc3 Nf6 3. g3 c6 4. Bg2 d5 5. cxd5 cxd5 6. d3 Nc6 7. Bg5 Be6 8. Nf3 Be7 9. 0-0 0-0 10. Qa4 d4 11. Bxf6 Bxf6 12. Ne4 Be7 13. Rfc1 Qb6 14. Rab1 a5 15. Ned2 f6 16. Nc4 Qa6 17. Qd1 b5 18. Ncd2 Bxa2 19. Ra1 Bd5 20. Nh4 Bxg2 21. Nxg2 a4 22. Nh4 g6 23. Ne4 Qb6 24. Nf3 Na5 25. Ned2 Qe6 26. Rc7 Bd6 27. Rc2 Rfc8 28. Rac1 Rxc2 29. Qxc2 f5 30. e3 dxe3 31. fxe3 Rf8 32. d4 exd4 33. exd4 Qd5 34. Qc3 b4 35. Qe3 f4 36. gxf4 Bxf4 37. Qd3 Bxd2 38. Nxd2 Qg5+ 39. Kh1 Rf2 0-1

[Event "Prague KS op-A"]
[Site "Prague"]
[Date "2007.??.??"]
[Round "6"]
[White "Plicka, Jiri"]
[Black "Pribyl, Josef"]
[Result "0-1"]
[WhiteElo "1676"]
[BlackElo "2418"]
[PlyCount "78"]
[EventDate "2007.??.??"]
[EventType "swiss"]
[EventRounds "9"]
[EventCountry "CZE"]
[SourceTitle "EXT 2008"]
[Source "ChessBase"]
[SourceDate "2007.11.25"]
[SourceVersion "1"]
[SourceVersionDate "2007.11.25"]
[SourceQuality "1"]

1. c4 e5 2. Nc3 Nc6 3. g3 Bb4 4. Bg2 Bxc3 5. bxc3 d6 6. d4 Nge7 7. Nf3 0-0 8. 0-0 Bg4 9. h3 Bf5 10. Nh4 Bd7 11. Rb1 Qc8 12. Kh2 Re8 13. e4 b6 14. f4 Na5 15. fxe5 dxe5 16. Qf3 Rf8 17. Ba3 c5 18. d5 Nxc4 19. Bc1 Nd6 20. g4 Ba4 21. Rf2 Qd8 22. Nf5 Nexf5 23. gxf5 Qh4 24. Be3 f6 25. Rg1 Be8 26. Bh1 Bh5 27. Qg2 Rf7 28. Qg3 Qxg3+ 29. Rxg3 Kf8 30. Rf1 Ke7 31. Rfg1 g6 32. fxg6 hxg6 33. Rxg6 Bxg6 34. Rxg6 Rh8 35. Kg3 Rfh7 36. Bg2 Kf7 37. Rg4 f5 38. exf5 Nxf5+ 39. Kf3 Rxh3+ 0-1

[Event "Prague op-B"]
[Site "Prague"]
[Date "2006.07.07"]
[Round "6"]
[White "Smizansky, Jozef"]
[Black "Plicka, Jiri"]
[Result "1/2-1/2"]
[WhiteElo "1800"]
[BlackElo "1100"]
[PlyCount "70"]
[EventDate "2006.07.02"]
[EventType "swiss"]
[EventRounds "7"]
[EventCountry "CZE"]
[SourceTitle "EXT 2007"]
[Source "ChessBase"]
[SourceDate "2006.11.23"]
[SourceVersion "1"]
[SourceVersionDate "2006.11.23"]
[SourceQuality "1"]

1. e4 e6 2. d4 d5 3. Nc3 Nf6 4. Bg5 dxe4 5. Bxf6 Qxf6 6. Nxe4 Qf4 7. Qd3 Bb4+ 8. c3 Be7 9. g3 Qh6 10. Bg2 0-0 11. f4 Rd8 12. Qe3 Nc6 13. Nf3 g6 14. h4 e5 15. Nxe5 Nxe5 16. dxe5 Bg4 17. Bf3 Qh5 18. Bxg4 Qxg4 19. Nf2 Qf5 20. Qe4 Qxe4+ 21. Nxe4 h5 22. Ke2 Kf8 23. Rhd1 Ke8 24. Nf6+ Bxf6 25. exf6 Rd7 26. Kf3 Rad8 27. Rxd7 Rxd7 28. Re1+ Kf8 29. g4 hxg4+ 30. Kxg4 Rd2 31. Re7 Rxb2 32. Rxc7 Ke8 33. Re7+ Kf8 34. c4 a5 35. c5 a4 1/2-1/2

[Event "Prague op-B"]
[Site "Prague"]
[Date "2006.07.02"]
[Round "1"]
[White "Hampel, Rudolf"]
[Black "Plicka, Jiri"]
[Result "1-0"]
[WhiteElo "1656"]
[BlackElo "1100"]
[PlyCount "81"]
[EventDate "2006.07.02"]
[EventType "swiss"]
[EventRounds "7"]
[EventCountry "CZE"]
[SourceTitle "EXT 2007"]
[Source "ChessBase"]
[SourceDate "2006.11.23"]
[SourceVersion "1"]
[SourceVersionDate "2006.11.23"]
[SourceQuality "1"]

1. e4 e6 2. d4 d5 3. Nd2 Nf6 4. e5 Nfd7 5. f4 c5 6. Ngf3 cxd4 7. Nxd4 Nc6 8. N2f3 Nxd4 9. Nxd4 Bc5 10. c3 0-0 11. Bd3 Qh4+ 12. g3 Qe7 13. 0-0 Bxd4+ 14. cxd4 Nb6 15. Qh5 g6 16. Qg4 f5 17. Qe2 Bd7 18. b3 Rfc8 19. a4 Be8 20. Ba3 Qd8 21. a5 Nd7 22. Bd6 Rc3 23. b4 Rac8 24. Qd2 R3c6 25. Rfc1 Rxc1+ 26. Rxc1 Rxc1+ 27. Qxc1 Nb8 28. b5 Nd7 29. Qc3 h6 30. Kf2 Kg7 31. Bc7 Qc8 32. Ke2 b6 33. Kd2 g5 34. axb6 Nxb6 35. Qc5 Na8 36. Qe7+ Kg8 37. Bd6 Bd7 38. fxg5 hxg5 39. Qxg5+ Kh8 40. Be7 Qg8 41. Bf6+ 1-0